Normal view
MARC view
Entry Topical Term
001 - CONTROL NUMBER
- control field: 22512
003 - CONTROL NUMBER IDENTIFIER
- control field: ARRUPE
005 - DATE AND TIME OF LATEST TRANSACTION
- control field: 20160226143902.0
008 - FIXED-LENGTH DATA ELEMENTS
- fixed length control field: 160226|| aca||aabn | a|a d
040 ## - CATALOGING SOURCE
- Original cataloging agency: ARRUPE
- Transcribing agency: ARRUPE
150 ## - HEADING--TOPICAL TERM
- Topical term or geographic name as entry element: African Americans
- General subdivision: Education.
670 ## - SOURCE DATA FOUND
- Source citation: Work cat.: (ARRUPE)0: Blyden, Edward Wilmot, 1832-1912. 22511, The aims and methods of a liberal education for Africans :, 1882.